[Event "Cesky Krumlov op 2nd"]
[Site "Cesky Krumlov"]
[Date "2008.10.15"]
[Round "6"]
[White "Happel, Henk"]
[Black "Vokac, Marek"]
[Result "0-1"]
[WhiteElo "2208"]
[BlackElo "2451"]
[PlyCount "78"]
[EventDate "2008.10.11"]
[EventType "swiss"]
[EventRounds "9"]
[EventCountry "CZE"]
[SourceTitle "CBM 126 Extra"]
[Source "ChessBase"]
[SourceDate "2008.11.05"]
[SourceVersion "1"]
[SourceVersionDate "2008.11.05"]
[SourceQuality "1"]

1. d4 g6 2. c4 Bg7 3. Nc3 c5 4. d5 Bxc3+ 5. bxc3 f5 6. h4 Nf6 7. h5 Rg8 8. hxg6 hxg6 9. Nf3 Qa5 10. Bd2 d6 11. Ng5 Nbd7 12. e3 Nb6 13. Bd3 Bd7 14. f3 0-0-0 15. Kf2 Rdf8 16. Nh7 Nxh7 17. Rxh7 e6 18. dxe6 Bxe6 19. Qb3 Qa6 20. Rb1 Rf7 21. Rxf7 Bxf7 22. e4 Bxc4 23. Bxc4 Qxc4 24. exf5 gxf5 25. Re1 Rf8 26. Rh1 Kc7 27. Rh7+ Kc6 28. Qxc4 Nxc4 29. Bh6 Rf6 30. Bg5 Rg6 31. Bd8 f4 32. Rh4 Ne5 33. Rh7 Nd3+ 34. Kg1 b5 35. Rxa7 Ne1 36. Kf2 Nxg2 37. a4 Ne3 38. Rc7+ Kd5 39. axb5 Kc4 0-1

[Event "EU-chT Seniors 10th"]
[Site "Dresden"]
[Date "2008.02.15"]
[Round "5.2"]
[White "Happel, Henk"]
[Black "Eiselt, Peter"]
[Result "1-0"]
[WhiteElo "2186"]
[BlackElo "2025"]
[PlyCount "87"]
[EventDate "2008.02.11"]
[EventType "team-swiss"]
[EventRounds "9"]
[EventCountry "GER"]
[SourceTitle "CBM 122 Extra"]
[Source "ChessBase"]
[SourceDate "2008.03.04"]
[SourceVersion "1"]
[SourceVersionDate "2008.03.04"]
[SourceQuality "1"]
[WhiteTeam "Den Haag"]
[BlackTeam "Coswig"]
[WhiteTeamCountry "NED"]
[BlackTeamCountry "GER"]

1. d4 d5 2. c4 e6 3. Nc3 Nf6 4. Bg5 c6 5. e3 Nbd7 6. cxd5 exd5 7. Bd3 Be7 8. Qc2 0-0 9. Nf3 Re8 10. 0-0 Nf8 11. Rab1 Bg4 12. Ne5 Bh5 13. b4 a6 14. a4 N6d7 15. Bxe7 Qxe7 16. Nxd7 Qxd7 17. b5 axb5 18. axb5 Bg6 19. Bxg6 Nxg6 20. Na4 Qd6 21. Nc5 Reb8 22. Rfc1 Ne7 23. Rb3 Ra5 24. bxc6 Qxc6 25. Qb2 b5 26. Nd3 Qd6 27. Rc5 Qa6 28. g3 Ra2 29. Qc3 g6 30. Nb4 Ra1+ 31. Kg2 Qa4 32. Nxd5 Nxd5 33. Rxd5 b4 34. Qc4 Qe8 35. Re5 Qf8 36. Rc5 Qe8 37. d5 Qa4 38. d6 Ra3 39. Rxa3 Qxa3 40. Rc8+ Rxc8 41. Qxc8+ Kg7 42. d7 Qd3 43. d8Q Qe4+ 44. Kf1 1-0

[Event "EU-chT Seniors 10th"]
[Site "Dresden"]
[Date "2008.02.13"]
[Round "3.2"]
[White "Happel, Henk"]
[Black "Harzer, Paul"]
[Result "1/2-1/2"]
[WhiteElo "2186"]
[BlackElo "2168"]
[PlyCount "73"]
[EventDate "2008.02.11"]
[EventType "team-swiss"]
[EventRounds "9"]
[EventCountry "GER"]
[SourceTitle "CBM 122 Extra"]
[Source "ChessBase"]
[SourceDate "2008.03.04"]
[SourceVersion "1"]
[SourceVersionDate "2008.03.04"]
[SourceQuality "1"]
[WhiteTeam "Den Haag"]
[BlackTeam "Berlin BSW"]
[WhiteTeamCountry "NED"]
[BlackTeamCountry "GER"]

1. d4 f5 2. Nf3 Nf6 3. e3 e6 4. Bd3 b6 5. c4 Bb7 6. 0-0 Be7 7. b3 0-0 8. Bb2 Qe8 9. Nbd2 Qg6 10. Qe2 Ne4 11. Rfd1 d6 12. Ne1 Nd7 13. Nf1 Ndf6 14. f3 Ng5 15. Kh1 Nh5 16. b4 Qh6 17. Kg1 Qg6 18. Rac1 Rae8 19. a4 e5 20. dxe5 dxe5 21. c5 Kh8 22. Bxe5 Bxc5 23. f4 Rxe5 24. fxe5 Bxb4 25. Ng3 Nxg3 26. hxg3 Bc5 27. g4 Ne4 28. gxf5 Qxf5 29. Nf3 Qg4 30. Rc4 Bd5 31. Bxe4 Bxe4 32. Rf1 Rxf3 33. Rxf3 Bxf3 34. Qf1 Bxe3+ 35. Kh2 Bf4+ 36. Kg1 Be3+ 37. Kh2 1/2-1/2